[Event "49th CHN-ch 2018"]
[Site "Xinghua"]
[Date "2018.04.29"]
[Round "11"]
[White "Liu, Yan"]
[Black "Xu, Jun"]
[Result "1-0"]
[WhiteElo "2481"]
[BlackElo "2501"]
[Annotator "TA"]
[PlyCount "151"]
[EventDate "2018.??.??"]
[EventCountry "CHN"]
[SourceTitle "playchess.com"]
[Source "ChessBase"]
[SourceQuality "1"]

{[%evp 9,151,12,12,5,3,5,7,3,53,3,56,46,54,-2,20,10,16,16,22,10,35,5,4,6,28,26,24,12,45,27,53,47,57,28,32,0,0,0,12,0,0,0,70,0,0,0,0,0,17,0,0,0,114,117,117,117,116,116,116,116,81,116,67,67,116,116,116,116,110,118,616,610,597,600,566,543,615,605,680,12,58,58,58,58,58,58,58,58,58,58,58,58,58,58,60,58,59,58,58,58,60,58,60,60,60,60,60,60,60,58,58,56,58,0,58,58,58,57,58,58,58,58,59,58,60,60,60,57,60,60,60,60,60,57,57,57,58,58,58,58,58,57,29937,12842]} 1. Nf3 c5 2. b3 d5 3. e3 Nc6 4. Bb5 e6 5. Bb2 Nge7 {[%cal Bg8e7,Be7f5,Bf5d4][%mdl 32] LiveBook: 9 Games} 6. c4 {A06: Réti Opening:1 Nf3 d5} a6 7. Ba4 Bd7 $146 ({Predecessor:} 7... f6 8. O-O Bd7 9. d4 cxd4 10. exd4 Na5 11. Bxd7+ Qxd7 12. c5 Ng6 13. h4 {1-0 (51) Granda Zuniga,J (2678)-Diaz Hollemaert,N (2442) Neuquen 2015}) 8. O-O {The position is equal.} Nf5 9. d3 Be7 (9... d4 $11) 10. cxd5 $14 exd5 11. e4 (11. Bxc6 $1 $14 Bxc6 12. Ne5) 11... dxe4 12. dxe4 {Strongly threatening Bxc6.} Nfd4 13. Bxc6 Bxc6 14. Nxd4 cxd4 15. Qxd4 Qxd4 16. Bxd4 O-O-O 17. Bxg7 Rhg8 18. Bb2 Bxe4 (18... f5 $5) 19. g3 f5 20. Nc3 Bc6 21. Na4 b5 22. Rac1 Rg6 $1 23. Nc5 f4 24. Rc2 fxg3 25. fxg3 h5 ({Black should play} 25... Bxc5+ $11 26. Rxc5 Rd2) 26. b4 (26. Rfc1 $14) 26... h4 $11 27. Be5 $36 {[%mdl 2048] White has the initiative.} ({Reject} 27. Nxa6 hxg3 28. h4 Bxh4 $17) 27... Rd5 28. Bf4 a5 29. Re1 hxg3 30. hxg3 Bd6 (30... Bxc5+ $11 {remains equal.} 31. bxc5 (31. Rxc5 axb4 32. Rc2 Rh5 $11) 31... Rf5) 31. Ne6 $16 Kd7 {And now ...Rh5 would win.} 32. Bxd6 $1 (32. bxa5 Rh5 $15) 32... Kxd6 33. Nf4 $1 {[%cal Rf4g6]} ({Worse is} 33. bxa5 Rxg3+ 34. Kh2 Rg4 $17) 33... Rxg3+ 34. Kh2 $1 {[%cal Rh2g3]} Rg4 35. Nxd5 Bxd5 36. bxa5 {[%mdl 4096] Endgame Rd1 is the strong threat. KRR-KRB} Ra4 {[#]} 37. Re8 $1 {[%cal Re8d8]} Kd7 38. Re5 Kd6 39. Rh5 b4 $2 {[%mdl 8192]} (39... Rxa5 $16 40. Rd2 b4) 40. Rh6+ $18 Ke5 41. Re2+ Kf4 42. Rf6+ Kg5 43. Rff2 Kg4 44. Rb2 $2 ({White should try} 44. Re1 $18) 44... Kg5 (44... b3 $5) 45. Rb1 {Black must now prevent Rg1+.} Rxa5 46. Rg1+ Kh6 47. Rf6+ Kh7 48. Rf5 {[%cal Rf5h5]} Rxa2+ 49. Kg3 Be4 50. Rf4 Bg6 51. Rxb4 Ra6 52. Kf4 Kg7 53. Kg4 Kf6 54. Rf1+ Ke5 55. Kg5 Bc2 56. Rb5+ Kd4 57. Rf4+ Kd3 58. Rd5+ Ke3 59. Rc4 Rg6+ 60. Kh4 Rh6+ 61. Kg5 Rg6+ 62. Kh5 Rg2 63. Rd8 Rh2+ 64. Kg5 Rg2+ 65. Kf6 Rf2+ 66. Ke7 Bf5 67. Rc3+ Ke4 68. Ra3 Ke5 69. Ra5+ Ke4 70. Ra4+ Ke5 71. Rb8 {[%cal Rb8b5]} (71. Rf8 {keeps more tension.} Re2 72. Ra5+ Kd4+ 73. Kf6 Bc2 74. Rd8+) 71... Rd2 72. Rb7 Rd5 73. Ra1 Be4 74. Rb4 Rd4 75. Rb6 Rd5 $2 {[%mdl 8192] [#]} (75... Bd3 $14) 76. Re6+ $1 {Precision: White = 66%, Black = 51%.} 1-0

[Event "49th CHN-ch 2018"]
[Site "Xinghua"]
[Date "2018.04.29"]
[Round "11"]
[White "Liu, Guanchu"]
[Black "Xu, Yi"]
[Result "0-1"]
[WhiteElo "2459"]
[BlackElo "2522"]
[Annotator "TA"]
[PlyCount "76"]
[EventDate "2018.??.??"]
[EventCountry "CHN"]
[SourceTitle "playchess.com"]
[Source "ChessBase"]
[SourceQuality "1"]

{[%evp 11,76,4,12,0,0,0,0,0,0,0,0,-3,2,-30,-26,-37,-39,-37,-47,-37,-47,-70,-65,-83,-78,-87,-84,-84,-44,-77,-69,-90,-85,-110,-108,-139,-139,-137,-110,-104,-102,-237,-213,-256,-251,-309,-308,-298,-290,-271,-172,-450,-445,-448,-206,-197,-187,-231,-229,-310,-309,-349,-344,-376,-278,-411,-426]} 1. e4 {[%cal Be2e4,Be4e5][%mdl 32]} c6 2. Nc3 d5 3. Nf3 Nf6 4. e5 Ne4 5. d4 Nxc3 6. bxc3 {B11: Caro-Kann: Two Knights Variation} c5 {LiveBook: 19 Games} 7. Bb5+ (7. Rb1 Nc6 8. dxc5 e6 9. Bd3 Bxc5 10. O-O h6 11. Qe2 O-O 12. c4 Nb4 13. Be3 Nxd3 14. cxd3 Bxe3 15. Qxe3 dxc4 16. dxc4 {½-½ (32) Short,N (2698)-Tari,A (2588) Douglas 2017}) 7... Bd7 8. a4 $146 {e6 is the strong threat.The position is equal.} ({Predecessor:} 8. Rb1 e6 9. O-O Bxb5 10. Rxb5 Qd7 11. a4 a6 12. Rb1 Qxa4 13. Rxb7 {0-1 (37) Hess,M (2271)-Vogel,R (2493) Tegernsee 2017}) 8... a6 9. Bxd7+ Qxd7 10. Ba3 e6 11. O-O Nc6 12. Qd3 Rc8 {[%cal Ba8c8,Bc8c5,Bc5d5][%mdl 32]} 13. Nd2 Be7 14. f4 O-O 15. dxc5 Na5 16. c4 Bxc5+ 17. Bxc5 Rxc5 18. Nb3 Nxb3 19. cxb3 Qc6 {[%cal Rd5c4]} 20. cxd5 $1 Rxd5 21. Qe3 g6 22. h4 h5 23. Rac1 Qd7 24. Rc3 Rd8 25. Rfc1 Qe7 26. g3 {[#]} (26. Qg3 $17) 26... b5 $1 $19 27. axb5 axb5 28. Kg2 Rd2+ 29. Kh3 Qb7 {[%csl Gd2][%cal Rb7g2]} 30. Qf3 Qb6 $40 {[%mdl 128] Black attacks with force.} 31. Rc5 $2 {[#]} (31. Qe3 Qb7 32. Qf3) 31... R8d3 32. Qc6 Qxc6 (32... Qa7 $142 33. b4 Kg7) 33. Rxc6 Rxb3 {KRR-KRR} 34. R6c2 Rdd3 35. Rg1 Kg7 36. Ra2 b4 {[%cal Bb5b4,Bb4b3][%mdl 32]} 37. Kh2 Rbc3 38. Rb2 (38. Ra8 {was necessary.}) 38... b3 {Precision: White = 22%, Black = 86%.} 0-1